000 00710cam a22002053a 4500
001 40417
003 PGUSA
005 20140828083913.0
008 120806s2012||||xxu|||||s|||||000 | eng d
040 _aPGUSA
_beng
042 _adc
100 1 _aLennep, J. van
_q(Jacob),
_d1802-1868
245 1 0 _aZeemans-Woordeboek :
_bBehelzende een verklaring der woorden, by scheepvaart en den handel in gebruik en een opgave der algemeene wetsbepalingen daartoe
_h[electronic resource] /
_cJ. van Lennep
260 _bProject Gutenberg,
_c2012
506 _aPublic domain in the USA.
516 _aElectronic text
830 0 _aProject Gutenberg
_v40417
856 4 0 _uhttp://www.gutenberg.org/ebooks/40417
942 _cEB
999 _c269670
_d269670